[Event "CZE-ch U16 Girls"]
[Site "Teplice"]
[Date "2023.03.13"]
[Round "3"]
[White "Vacekova, Anita"]
[Black "Vavrinkova, Marie"]
[Result "1-0"]
[WhiteElo "1350"]
[BlackElo "1457"]
[PlyCount "135"]
[EventDate "2023.03.11"]
[EventType "swiss"]
[EventRounds "9"]
[EventCountry "CZE"]
[SourceTitle "CBM 213 Extra"]
[Source "ChessBase"]
[SourceDate "2023.05.31"]
[SourceVersion "1"]
[SourceVersionDate "2023.05.31"]
[SourceQuality "1"]

1. e4 c5 2. Nf3 e6 3. d4 cxd4 4. Nxd4 a6 5. Bd3 Bc5 6. Nb3 Be7 7. 0-0 d6 8. Be3 Nf6 9. N1d2 Nbd7 10. f4 b6 11. Qe2 Bb7 12. Rad1 Qc7 13. Bd4 h5 14. h3 h4 15. e5 dxe5 16. fxe5 Nh5 17. Qg4 Nxe5 18. Bxe5 Qxe5 19. Rde1 Qc7 20. Ne4 Rh6 21. Ng5 Nf6 22. Qf4 Qxf4 23. Rxf4 Bd6 24. Rff1 Bg3 25. Rd1 Rh5 26. Nf3 e5 27. Nfd2 e4 28. Be2 Re5 29. Nc4 Re7 30. Nxb6 Rd8 31. Nc5 e3 32. Rxd8+ Kxd8 33. Nxb7+ Rxb7 34. Nc4 Bf2+ 35. Kh2 Ne4 36. Rd1+ Rd7 37. Rxd7+ Kxd7 38. Ne5+ Ke6 39. Nd3 f5 40. Nxf2 exf2 41. g4 Ng3 42. Bc4+ Ke5 43. Kg2 fxg4 44. hxg4 Ne4 45. Bxa6 Kf4 46. Be2 Ke3 47. Bd3 Nc5 48. Bb5 Kf4 49. Kxf2 Kxg4 50. a4 h3 51. a5 Ne4+ 52. Ke3 h2 53. Be2+ Kg3 54. Bf3 Nd6 55. Ke2 g5 56. a6 Nb5 57. c3 g4 58. Bh1 Kh3 59. Kf2 Na7 60. b4 g3+ 61. Kf1 Kg4 62. Bd5 Kf5 63. Kg2 Ke5 64. c4 Kd6 65. Kxg3 Kc7 66. Kxh2 Kc8 67. Kg3 Kb8 68. Bb7 1-0

[Event "CZE-ch U14 Girls"]
[Site "Kouty nad Desnou"]
[Date "2020.03.11"]
[Round "6"]
[White "Markova, Karolina"]
[Black "Vavrinkova, Marie"]
[Result "1-0"]
[WhiteElo "1497"]
[BlackElo "1240"]
[PlyCount "79"]
[EventDate "2020.03.07"]
[EventType "swiss"]
[EventRounds "7"]
[EventCountry "CZE"]
[SourceTitle "CBM 195 Extra"]
[Source "ChessBase"]
[SourceDate "2020.05.31"]
[SourceVersion "1"]
[SourceVersionDate "2020.05.31"]
[SourceQuality "1"]

1. e4 e5 2. f4 Bc5 3. Nf3 d6 4. Nc3 Nf6 5. Bc4 Nc6 6. d3 Bg4 7. h3 Be6 8. Bb3 a6 9. f5 Bxb3 10. axb3 h6 11. g4 Nh7 12. h4 Qd7 13. g5 h5 14. Nd5 Ne7 15. b4 Ba7 16. Nxe7 Qxe7 17. b5 a5 18. Bd2 Bb6 19. b4 a4 20. c4 a3 21. Qb3 g6 22. f6 Qe6 23. Nh2 Qh3 24. Kd1 Bf2 25. Kc2 0-0 26. Qa2 Bxh4 27. Rag1 Bf2 28. Ng4 Qf3 29. Nxf2 Qxf2 30. Kb3 Qd4 31. Qc2 a2 32. Ra1 h4 33. Bc3 Qe3 34. Rxh4 Qxg5 35. Qh2 Nxf6 36. Bd2 Qxh4 37. Qxh4 Nh5 38. Rxa2 Rxa2 39. Kxa2 Kg7 40. Qe7 1-0

[Event "Klatovy op-B 24th"]
[Site "Klatovy"]
[Date "2018.07.07"]
[Round "8"]
[White "Svejdar, Pavel"]
[Black "Vavrinkova, Marie"]
[Result "1-0"]
[WhiteElo "1614"]
[BlackElo "1132"]
[PlyCount "37"]
[EventDate "2018.06.30"]
[EventType "swiss"]
[EventRounds "9"]
[EventCountry "CZE"]
[SourceTitle "EXT 2019"]
[Source "ChessBase"]
[SourceDate "2018.10.10"]
[SourceVersion "1"]
[SourceVersionDate "2018.10.10"]
[SourceQuality "1"]

1. e4 e5 2. Nf3 Nf6 3. Nc3 Bb4 4. d3 h6 5. Bd2 0-0 6. Nxe5 Re8 7. Ng4 Nxg4 8. Qxg4 d5 9. Qe2 Bf5 10. f3 Bxc3 11. Bxc3 Bh7 12. 0-0-0 f5 13. Qf2 fxe4 14. dxe4 Qg5+ 15. Bd2 Qg6 16. Bd3 Qf7 17. Qd4 dxe4 18. Bc4 Re6 19. Qd8+ 1-0

[Event "Klatovy op-B 23rd"]
[Site "Klatovy"]
[Date "2017.07.04"]
[Round "4"]
[White "Vavrinkova, Marie"]
[Black "Bauer, Jan"]
[Result "1/2-1/2"]
[WhiteElo "1130"]
[BlackElo "1432"]
[PlyCount "86"]
[EventDate "2017.07.01"]
[EventType "swiss"]
[EventRounds "9"]
[EventCountry "CZE"]
[SourceTitle "EXT 2018"]
[Source "ChessBase"]
[SourceDate "2017.10.13"]
[SourceVersion "1"]
[SourceVersionDate "2017.10.13"]
[SourceQuality "1"]

1. e4 e5 2. Nf3 Nc6 3. Bb5 a6 4. Ba4 b5 5. Bb3 Be7 6. 0-0 Nf6 7. d3 0-0 8. c3 d5 9. Nbd2 Bg4 10. h3 Bh5 11. exd5 Nxd5 12. Ne4 Kh8 13. Ng3 Bg6 14. d4 exd4 15. Nxd4 Na5 16. Nc6 Nxc6 17. Qxd5 Na5 18. Bf4 Nxb3 19. Qxb3 c5 20. Rad1 Qb6 21. Rd7 Rfe8 22. Qd5 Rad8 23. Rd1 Rxd7 24. Qxd7 Rd8 25. Qg4 Rxd1+ 26. Qxd1 Qd8 27. Qxd8+ Bxd8 28. Kf1 Kg8 29. Ke2 Kf8 30. Bd6+ Be7 31. Bxe7+ Kxe7 32. Ke3 Ke6 33. Ne2 a5 34. Nf4+ Ke5 35. a3 b4 36. axb4 axb4 37. cxb4 cxb4 38. Nxg6+ hxg6 39. f4+ Kd5 40. Kd3 f6 41. g3 g5 42. fxg5 fxg5 43. b3 g6 1/2-1/2

[Event "Klatovy op-B 23rd"]
[Site "Klatovy"]
[Date "2017.07.01"]
[Round "1"]
[White "Frnoch, Vojtech"]
[Black "Vavrinkova, Marie"]
[Result "1-0"]
[WhiteElo "1660"]
[BlackElo "1130"]
[PlyCount "93"]
[EventDate "2017.07.01"]
[EventType "swiss"]
[EventRounds "9"]
[EventCountry "CZE"]
[SourceTitle "EXT 2018"]
[Source "ChessBase"]
[SourceDate "2017.10.13"]
[SourceVersion "1"]
[SourceVersionDate "2017.10.13"]
[SourceQuality "1"]

1. c4 c5 2. Nc3 Nc6 3. g3 Nf6 4. Bg2 Ne5 5. b3 d6 6. Qc2 e6 7. e3 Be7 8. Nge2 Ng6 9. d4 0-0 10. Bb2 Qc7 11. 0-0 Bd7 12. Rad1 Rad8 13. Ne4 Nxe4 14. Bxe4 Rfe8 15. Nc3 Bf6 16. d5 b6 17. dxe6 Bxe6 18. Nb5 Qe7 19. Bg2 Bxb2 20. Qxb2 a6 21. Nc3 h6 22. Rd2 Ne5 23. Rfd1 Bg4 24. Nd5 Qb7 25. Nf6+ gxf6 26. Bxb7 Bxd1 27. Rxd1 a5 28. Qe2 Rd7 29. Ba6 Rde7 30. f4 Ng6 31. Qg4 Ra7 32. Bb5 Kh7 33. Kf2 Re6 34. Bc6 Rae7 35. Re1 Rc7 36. Bd5 Re8 37. Qf5 Kg7 38. Qg4 Kh7 39. h4 Nf8 40. Qf5+ Kg7 41. g4 Nd7 42. g5 hxg5 43. hxg5 Nb8 44. gxf6+ Kf8 45. Rh1 Kg8 46. Qg5+ Kf8 47. Rh8# 1-0

[Event "Liptovsky Mikulas V4 U11 op"]
[Site "Liptovsky Mikulas"]
[Date "2017.06.25"]
[Round "9"]
[White "Rakovsky, Jakub"]
[Black "Vavrinkova, Marie"]
[Result "0-1"]
[WhiteElo "1132"]
[BlackElo "1104"]
[PlyCount "56"]
[EventDate "2017.06.22"]
[EventType "swiss"]
[EventRounds "9"]
[EventCountry "SVK"]
[SourceTitle "CBM 179 Extra"]
[Source "ChessBase"]
[SourceDate "2017.08.23"]
[SourceVersion "1"]
[SourceVersionDate "2017.08.23"]
[SourceQuality "1"]

1. e4 e5 2. Nf3 Nf6 3. Nc3 Bb4 4. Bc4 0-0 5. d3 h6 6. Nxe5 d6 7. Nf3 Re8 8. h3 d5 9. 0-0 dxc4 10. Be3 Nc6 11. Qd2 Bd7 12. Bxh6 cxd3 13. cxd3 g6 14. Nh4 Nxe4 15. Qf4 Bd6 16. Qe3 Ng3 17. Qd2 Nxf1 18. Rxf1 Qxh4 19. Bg5 Qh5 20. Nd5 Be5 21. Re1 Qh8 22. Re3 f6 23. Bh4 Qxh4 24. Qc2 Nd4 25. Re4 Nxc2 26. Rxh4 Bd6 27. Nxf6+ Kg7 28. Nxe8+ Rxe8 0-1

[Event "Liptovsky Mikulas V4 U11 op"]
[Site "Liptovsky Mikulas"]
[Date "2017.06.24"]
[Round "7"]
[White "Juracak, David"]
[Black "Vavrinkova, Marie"]
[Result "1/2-1/2"]
[WhiteElo "1231"]
[BlackElo "1104"]
[PlyCount "38"]
[EventDate "2017.06.22"]
[EventType "swiss"]
[EventRounds "9"]
[EventCountry "SVK"]
[SourceTitle "CBM 179 Extra"]
[Source "ChessBase"]
[SourceDate "2017.08.23"]
[SourceVersion "1"]
[SourceVersionDate "2017.08.23"]
[SourceQuality "1"]

1. d4 d5 2. c4 c6 3. Nc3 a6 4. Bf4 Nf6 5. Nf3 Bf5 6. cxd5 cxd5 7. Qa4+ Qd7 8. Qb3 Nc6 9. 0-0-0 e6 10. e3 Nb4 11. Rd2 Be7 12. a3 Nc6 13. Bd3 Bxd3 14. Rxd3 Ne4 15. Rf1 0-0 16. h4 Bf6 17. g4 g6 18. g5 Bh8 19. Na4 Rad8 1/2-1/2

[Event "Liptovsky Mikulas V4 U11 op"]
[Site "Liptovsky Mikulas"]
[Date "2017.06.23"]
[Round "5"]
[White "Kuranova, Liubov"]
[Black "Vavrinkova, Marie"]
[Result "1-0"]
[WhiteElo "1000"]
[BlackElo "1104"]
[PlyCount "41"]
[EventDate "2017.06.22"]
[EventType "swiss"]
[EventRounds "9"]
[EventCountry "SVK"]
[SourceTitle "CBM 179 Extra"]
[Source "ChessBase"]
[SourceDate "2017.08.23"]
[SourceVersion "1"]
[SourceVersionDate "2017.08.23"]
[SourceQuality "1"]

1. e4 e5 2. Nf3 Nf6 3. Nxe5 d6 4. Nf3 Nxe4 5. Nc3 Nxc3 6. bxc3 Be7 7. d4 0-0 8. Bd3 Bg4 9. 0-0 b6 10. Re1 Nd7 11. Be4 Rc8 12. h3 Bh5 13. Qd3 Nf6 14. Bc6 d5 15. Ne5 Ne4 16. c4 Bf6 17. Nd7 Re8 18. Nxf6+ Nxf6 19. Bxe8 Nxe8 20. cxd5 Qxd5 21. Re5 1-0

[Event "CZE-ch U10 Girls"]
[Site "Kouty nad Desnou"]
[Date "2017.03.17"]
[Round "8"]
[White "Vavrinkova, Marie"]
[Black "Havelkova, Beata"]
[Result "1-0"]
[WhiteElo "1141"]
[BlackElo "1263"]
[PlyCount "71"]
[EventDate "2017.03.11"]
[EventType "swiss"]
[EventRounds "9"]
[EventCountry "CZE"]
[SourceTitle "CBM 177 Extra"]
[Source "ChessBase"]
[SourceDate "2017.04.27"]
[SourceVersion "1"]
[SourceVersionDate "2017.04.27"]
[SourceQuality "1"]

1. e4 c5 2. Nf3 d6 3. d4 cxd4 4. Nxd4 Nf6 5. Nc3 g6 6. Be2 Bg7 7. 0-0 0-0 8. Be3 Nc6 9. Nb3 Be6 10. f4 Qd7 11. Qd2 Rac8 12. Bd3 Ng4 13. Rae1 Nxe3 14. Rxe3 Bh6 15. Bb5 a6 16. Bd3 Bxb3 17. axb3 Nd4 18. Bc4 e5 19. Nd5 Qd8 20. Rh3 Bg7 21. c3 Nc6 22. Qf2 b5 23. Bd3 Ne7 24. Qh4 h5 25. Nxe7+ Kh7 26. Nxc8 Qxc8 27. Kh1 Qe6 28. f5 Qe8 29. fxg6+ fxg6 30. Rxf8 Qxf8 31. g4 Bh6 32. gxh5 gxh5 33. Qxh5 Qf4 34. Rg3 Qc1+ 35. Rg1 Qxb2 36. Qg6+ 1-0

[Event "CZE-ch U10 Girls"]
[Site "Kouty nad Desnou"]
[Date "2017.03.13"]
[Round "4"]
[White "Vavrinkova, Marie"]
[Black "Archlebova, Stela"]
[Result "1-0"]
[WhiteElo "1141"]
[BlackElo "1078"]
[PlyCount "61"]
[EventDate "2017.03.11"]
[EventType "swiss"]
[EventRounds "9"]
[EventCountry "CZE"]
[SourceTitle "CBM 177 Extra"]
[Source "ChessBase"]
[SourceDate "2017.04.27"]
[SourceVersion "1"]
[SourceVersionDate "2017.04.27"]
[SourceQuality "1"]

1. e4 e5 2. Nf3 Nc6 3. Bb5 a6 4. Bxc6 dxc6 5. d4 Bg4 6. d5 cxd5 7. Qd3 Nf6 8. Nxe5 Bb4+ 9. c3 dxe4 10. Qxd8+ Rxd8 11. Nxg4 Nxg4 12. cxb4 Ne5 13. Bf4 Nd3+ 14. Kf1 Nxf4 15. Nc3 Nd3 16. Nxe4 Nxb4 17. Nc5 0-0 18. Nxb7 Nc2 19. Rc1 Rb8 20. Rxc2 Rxb7 21. g3 Rd8 22. Kg2 g6 23. Re1 Rb4 24. Re7 c5 25. b3 Kf8 26. Ra7 Rb6 27. Rxc5 Re6 28. Rcc7 Re2 29. Rxf7+ Ke8 30. Rxh7 Rdd2 31. Rh8# 1-0

[Event "EU-ch U10 Girls 26th"]
[Site "Prague"]
[Date "2016.08.25"]
[Round "7"]
[White "Vavrinkova, Marie"]
[Black "Smetisko, Renata"]
[Result "0-1"]
[WhiteElo "1214"]
[BlackElo "1138"]
[PlyCount "48"]
[EventDate "2016.08.18"]
[EventType "swiss"]
[EventRounds "9"]
[EventCountry "CZE"]
[SourceTitle "CBM 174 Extra"]
[Source "ChessBase"]
[SourceDate "2016.10.10"]
[SourceVersion "1"]
[SourceVersionDate "2016.10.10"]
[SourceQuality "1"]

1. e4 e5 2. Nf3 d6 3. Bc4 h6 4. d4 exd4 5. Nxd4 Nf6 6. 0-0 Be7 7. Qd3 Bd7 8. Nc3 Nc6 9. Nxc6 Bxc6 10. Nd5 Nxd5 11. exd5 Bd7 12. Qg3 Bf6 13. Re1+ Kf8 14. Qb3 g6 15. Qxb7 Kg7 16. Be3 Be5 17. Bxa7 Qh4 18. g3 Qxc4 19. Rec1 Bh3 20. b3 Qe4 21. f3 Bd4+ 22. Bxd4+ Qxd4+ 23. Kh1 Qf2 24. f4 Bg2# 0-1

[Event "Klatovy op-B 22nd"]
[Site "Klatovy"]
[Date "2016.07.07"]
[Round "6"]
[White "Krisman, Ondrej"]
[Black "Vavrinkova, Marie"]
[Result "1-0"]
[WhiteElo "1608"]
[BlackElo "1259"]
[PlyCount "57"]
[EventDate "2016.07.02"]
[EventType "swiss"]
[EventRounds "9"]
[EventCountry "CZE"]
[SourceTitle "EXT 2019"]
[Source "ChessBase"]
[SourceDate "2018.10.10"]
[SourceVersion "1"]
[SourceVersionDate "2018.10.10"]
[SourceQuality "1"]

1. e4 e5 2. Nf3 Nc6 3. Bb5 Nf6 4. 0-0 Bc5 5. c3 0-0 6. d4 exd4 7. cxd4 Be7 8. Nc3 b6 9. e5 Ne8 10. Qa4 Bb7 11. d5 a6 12. Bd3 Nb4 13. Be4 a5 14. d6 Ba6 15. dxe7 Qxe7 16. Bxa8 Bxf1 17. Kxf1 c6 18. a3 Nd3 19. Qd1 Nxe5 20. Nxe5 Qxe5 21. Kg1 Nc7 22. Bb7 Re8 23. Be3 Rb8 24. Bd4 Qe7 25. Bxc6 dxc6 26. Qd2 Rd8 27. Qe3 Qxe3 28. Bxe3 Rb8 29. Bf4 1-0

[Event "Klatovy op-B 22nd"]
[Site "Klatovy"]
[Date "2016.07.04"]
[Round "3"]
[White "Vavrinkova, Marie"]
[Black "Filip, Petr1111"]
[Result "0-1"]
[WhiteElo "1259"]
[BlackElo "1353"]
[PlyCount "62"]
[EventDate "2016.07.02"]
[EventType "swiss"]
[EventRounds "9"]
[EventCountry "CZE"]
[SourceTitle "EXT 2019"]
[Source "ChessBase"]
[SourceDate "2018.10.10"]
[SourceVersion "1"]
[SourceVersionDate "2018.10.10"]
[SourceQuality "1"]

1. e4 e5 2. Nf3 Nc6 3. Bb5 Nge7 4. 0-0 a6 5. Be2 b5 6. c3 d5 7. exd5 Nxd5 8. d4 Bd6 9. Re1 e4 10. Nfd2 Nf6 11. Nxe4 0-0 12. Bg5 Be7 13. Nbd2 Nxe4 14. Bxe7 Qxe7 15. Bd3 Nxf2 16. Qh5 g6 17. Qf3 Qh4 18. g3 Nh3+ 19. Kh1 Qg5 20. Qxc6 Rb8 21. Qxc7 Bb7+ 22. Ne4 Bxe4+ 23. Bxe4 Nf2+ 24. Kg2 Nxe4 25. Rxe4 Qd2+ 26. Kh1 Qxb2 27. Rae1 Rbc8 28. Qa5 Rxc3 29. Qxa6 Rc2 30. Qb7 Rxh2+ 31. Kg1 Qf2# 0-1

[Event "Liptovsky Mikulas V4 U11 op"]
[Site "Liptovsky Mikulas"]
[Date "2016.06.23"]
[Round "1"]
[White "Vavrinkova, Marie"]
[Black "Bakalarz, Adrian"]
[Result "1-0"]
[WhiteElo "1293"]
[BlackElo "1000"]
[PlyCount "53"]
[EventDate "2016.06.23"]
[EventType "swiss"]
[EventRounds "9"]
[EventCountry "SVK"]
[SourceTitle "CBM 173 Extra"]
[Source "ChessBase"]
[SourceDate "2016.08.29"]
[SourceVersion "1"]
[SourceVersionDate "2016.08.29"]
[SourceQuality "1"]

1. e4 d5 2. exd5 c6 3. dxc6 Nxc6 4. Bb5 e5 5. c3 Nf6 6. d4 Bf5 7. Bg5 exd4 8. Bxf6 gxf6 9. cxd4 Qb6 10. Qa4 0-0-0 11. Nf3 Bb4+ 12. Nc3 Rhe8+ 13. Be2 Nxd4 14. Nxd4 Qxd4 15. 0-0 Bxc3 16. Qb5 Bd2 17. Qxf5+ Kb8 18. Bb5 Re2 19. Bxe2 Qh4 20. Qh5 Qe4 21. Qf3 Qh4 22. Qf5 Bf4 23. g3 Rg8 24. Bf3 h5 25. Qd7 Bc7 26. Qd5 Qf4 27. Qxb7# 1-0